[Event "POL-chT 2nd League"]
[Site "Poronin"]
[Date "2020.09.12"]
[Round "8.15"]
[White "Maka, Marcin"]
[Black "Kurpiewski, Slawomir"]
[Result "1/2-1/2"]
[WhiteElo "2124"]
[BlackElo "1943"]
[PlyCount "26"]
[EventDate "2020.09.05"]
[EventType "team-swiss"]
[EventRounds "9"]
[EventCountry "POL"]
[SourceTitle "CBM 198 Extra"]
[Source "ChessBase"]
[SourceDate "2020.11.30"]
[SourceVersion "1"]
[SourceVersionDate "2020.11.30"]
[SourceQuality "1"]
[WhiteTeam "Lublin LKSz"]
[BlackTeam "Siedlce KSz Skoczek"]
[WhiteTeamCountry "POL"]
[BlackTeamCountry "POL"]

1. e4 e5 2. Nf3 Nc6 3. Bb5 a6 4. Ba4 Nf6 5. d3 d6 6. c3 g6 7. Nbd2 Bg7 8. Nf1 0-0 9. Ng3 b5 10. Bc2 d5 11. a4 dxe4 12. dxe4 Qxd1+ 13. Bxd1 Bb7 1/2-1/2

[Event "POL-chT 2nd League"]
[Site "Poronin"]
[Date "2020.09.09"]
[Round "5.19"]
[White "Lamza, Zenon"]
[Black "Kurpiewski, Slawomir"]
[Result "1-0"]
[WhiteElo "2220"]
[BlackElo "1943"]
[PlyCount "109"]
[EventDate "2020.09.05"]
[EventType "team-swiss"]
[EventRounds "9"]
[EventCountry "POL"]
[SourceTitle "CBM 198 Extra"]
[Source "ChessBase"]
[SourceDate "2020.11.30"]
[SourceVersion "1"]
[SourceVersionDate "2020.11.30"]
[SourceQuality "1"]
[WhiteTeam "Rydultowy Ognisko"]
[BlackTeam "Siedlce KSz Skoczek"]
[WhiteTeamCountry "POL"]
[BlackTeamCountry "POL"]

1. d4 f5 2. c4 Nf6 3. Nc3 g6 4. h4 d6 5. h5 Nxh5 6. Rxh5 gxh5 7. e4 Be6 8. Nh3 Qd7 9. Ng5 Bg7 10. Qxh5+ Kd8 11. exf5 Bxf5 12. Nf7+ Kc8 13. Nxh8 Bxh8 14. Be3 Nc6 15. 0-0-0 a6 16. Bd3 Bxd3 17. Rxd3 e5 18. d5 Na5 19. b3 b5 20. c5 dxc5 21. Bxc5 Nb7 22. Ne4 Kb8 23. Kb1 Nxc5 24. Nxc5 Qe7 25. Ne4 Ka7 26. d6 cxd6 27. Rxd6 Rd8 28. Rxd8 Qxd8 29. Qxh7+ Kb8 30. Kc2 b4 31. Qg6 a5 32. Qd6+ Qxd6 33. Nxd6 Kc7 34. Nf7 Bf6 35. Kd3 Kd7 36. Ke4 Ke6 37. Nh6 Bd8 38. Ng4 Bc7 39. f3 Bd6 40. Ne3 Bc7 41. Nc4 Kf6 42. g3 Ke6 43. g4 Kf6 44. Kd5 Kg5 45. Nxe5 Kf4 46. Nf7 Bb6 47. g5 Kf5 48. f4 Be3 49. Nd6+ Kg6 50. Ke4 Bd2 51. Nc4 Bc3 52. Nxa5 Bb2 53. Nc4 Bc3 54. Ne5+ Kh5 55. Kf5 1-0

[Event "POL-chT 2nd League"]
[Site "Jastrzebia Gora"]
[Date "2019.09.15"]
[Round "9.10"]
[White "Kurpiewski, Slawomir"]
[Black "Bielczyk, Jacek"]
[Result "1/2-1/2"]
[WhiteElo "1978"]
[BlackElo "2279"]
[PlyCount "28"]
[EventDate "2019.09.07"]
[EventType "team-swiss"]
[EventRounds "9"]
[EventCountry "POL"]
[SourceTitle "EXT 2020"]
[Source "ChessBase"]
[SourceDate "2019.10.17"]
[SourceVersion "1"]
[SourceVersionDate "2019.10.17"]
[SourceQuality "1"]
[WhiteTeam "Siedlce KSz Skoczek"]
[BlackTeam "Chrzanow Olimpijczyk"]
[WhiteTeamCountry "POL"]
[BlackTeamCountry "POL"]

1. f4 Nf6 2. Nf3 g6 3. g3 d5 4. Bg2 Bg7 5. 0-0 0-0 6. d3 c5 7. c3 Nc6 8. Na3 Rb8 9. Ne5 Nxe5 10. fxe5 Ng4 11. d4 cxd4 12. cxd4 f6 13. h3 Nh6 14. exf6 exf6 1/2-1/2

[Event "POL-chT 2nd League"]
[Site "Jastrzebia Gora"]
[Date "2019.09.14"]
[Round "8.13"]
[White "Rak, Tomasz"]
[Black "Kurpiewski, Slawomir"]
[Result "0-1"]
[WhiteElo "1957"]
[BlackElo "1978"]
[PlyCount "91"]
[EventDate "2019.09.07"]
[EventType "team-swiss"]
[EventRounds "9"]
[EventCountry "POL"]
[SourceTitle "EXT 2020"]
[Source "ChessBase"]
[SourceDate "2019.10.17"]
[SourceVersion "1"]
[SourceVersionDate "2019.10.17"]
[SourceQuality "1"]
[WhiteTeam "Olsztyn Kopernik"]
[BlackTeam "Siedlce KSz Skoczek"]
[WhiteTeamCountry "POL"]
[BlackTeamCountry "POL"]

1. Nf3 d5 2. d4 e6 3. c4 f5 4. Bf4 Nf6 5. Nbd2 c6 6. e3 Bd6 7. Ne5 Qe7 8. Bd3 0-0 9. h4 Nbd7 10. Qe2 Bxe5 11. dxe5 Ng4 12. Nf3 Qb4+ 13. Kf1 dxc4 14. Bxc4 Nb6 15. Bb3 c5 16. Rd1 Re8 17. Rd6 Bd7 18. Qd2 Bb5+ 19. Kg1 Qxd2 20. Nxd2 c4 21. Bd1 Rad8 22. f3 Rxd6 23. exd6 e5 24. Bg5 Nf6 25. a4 Bxa4 26. Bxa4 Nxa4 27. Nxc4 b5 28. Na5 Rd8 29. b3 Nc3 30. Nc6 Rxd6 31. Nxa7 Nfd5 32. e4 fxe4 33. fxe4 Nxe4 34. Nxb5 Rb6 35. Na3 Rxb3 36. Nc4 h6 37. Bd8 Ng3 38. Rh2 e4 39. Kf2 Nf5 40. g4 Nd4 41. Ba5 e3+ 42. Kf1 e2+ 43. Kf2 Rf3+ 44. Kg1 Rf1+ 45. Kg2 Nf4+ 46. Kg3 0-1

[Event "POL-chT 2nd League"]
[Site "Jastrzebia Gora"]
[Date "2019.09.11"]
[Round "5.17"]
[White "Stoppel, Mariusz"]
[Black "Kurpiewski, Slawomir"]
[Result "1-0"]
[WhiteElo "1966"]
[BlackElo "1978"]
[PlyCount "111"]
[EventDate "2019.09.07"]
[EventType "team-swiss"]
[EventRounds "9"]
[EventCountry "POL"]
[SourceTitle "EXT 2020"]
[Source "ChessBase"]
[SourceDate "2019.10.17"]
[SourceVersion "1"]
[SourceVersionDate "2019.10.17"]
[SourceQuality "1"]
[WhiteTeam "Bydgoszcz Hetman"]
[BlackTeam "Siedlce KSz Skoczek"]
[WhiteTeamCountry "POL"]
[BlackTeamCountry "POL"]

1. e4 e5 2. Nf3 Nc6 3. Bb5 a6 4. Ba4 Nf6 5. d4 exd4 6. e5 Ne4 7. 0-0 Be7 8. Re1 Nc5 9. Bxc6 dxc6 10. Nxd4 Ne6 11. Nf5 Qxd1 12. Rxd1 Bg5 13. Nxg7+ Ke7 14. Nf5+ Ke8 15. Nc3 Bxc1 16. Raxc1 Nf4 17. Ng3 h5 18. Rd4 Ng6 19. Re1 h4 20. Nf1 Be6 21. b3 Rd8 22. Rxd8+ Kxd8 23. g3 Ke7 24. f4 Rd8 25. Ne3 hxg3 26. hxg3 Bc8 27. Kg2 b5 28. Rd1 Rh8 29. Ne4 Rg8 30. Kf3 Rh8 31. Nf2 a5 32. Rh1 Rxh1 33. Nxh1 Bb7 34. Nf2 c5+ 35. Ke2 Nf8 36. Kd3 Nd7 37. c4 b4 38. Ne4 Bc6 39. g4 a4 40. Nf5+ Kf8 41. Ne3 Ke7 42. bxa4 Bxa4 43. Nd5+ Kd8 44. Ng5 Bd1 45. Ne3 b3 46. axb3 Bxb3 47. Nxf7+ Ke7 48. Ng5 c6 49. Nf3 Ba2 50. Nd2 Nb6 51. Kc2 Na4 52. f5 Kf7 53. g5 Kf8 54. g6 Kg7 55. e6 Kf6 56. Ng4+ 1-0

[Event "POL-chT 2nd League"]
[Site "Jastrzebia Gora"]
[Date "2019.09.07"]
[Round "1.19"]
[White "Putlak, Wojciech"]
[Black "Kurpiewski, Slawomir"]
[Result "1-0"]
[WhiteElo "2041"]
[BlackElo "1978"]
[PlyCount "107"]
[EventDate "2019.09.07"]
[EventType "team-swiss"]
[EventRounds "9"]
[EventCountry "POL"]
[SourceTitle "EXT 2020"]
[Source "ChessBase"]
[SourceDate "2019.10.17"]
[SourceVersion "1"]
[SourceVersionDate "2019.10.17"]
[SourceQuality "1"]
[WhiteTeam "Lipusz WDA"]
[BlackTeam "Siedlce KSz Skoczek"]
[WhiteTeamCountry "POL"]
[BlackTeamCountry "POL"]

1. d4 Nf6 2. c4 g6 3. Nc3 Bg7 4. e4 d6 5. f3 0-0 6. Be3 Nc6 7. Qd2 e5 8. d5 Ne7 9. Bd3 Nd7 10. Nge2 Nc5 11. Bc2 f5 12. b4 Nd7 13. Nc1 Nf6 14. h3 Rf7 15. g4 Kh8 16. Nb3 Bd7 17. a4 a6 18. c5 Qf8 19. Na5 Bc8 20. Nc4 Ne8 21. Bd3 Ng8 22. g5 h5 23. h4 fxe4 24. fxe4 Bg4 25. Be2 Bxe2 26. Kxe2 Qe7 27. Raf1 Rxf1 28. Rxf1 Qd7 29. Kd3 Ne7 30. Rf7 Qd8 31. Qf2 Kg8 32. Rf3 Nc8 33. Na5 Rb8 34. Qf1 dxc5 35. bxc5 c6 36. Nc4 cxd5 37. exd5 e4+ 38. Kxe4 Ne7 39. Bd4 Nf5 40. Rxf5 gxf5+ 41. Qxf5 Bxd4 42. Qe6+ Kf8 43. Kxd4 Ng7 44. Qg6 Qe7 45. Ne4 Re8 46. Nf6 Rd8 47. Nd6 b6 48. Nfe4 bxc5+ 49. Kc4 Rb8 50. Qh7 Rb4+ 51. Kd3 Qe5 52. Qh8+ Ke7 53. Nc8+ Kd7 54. Ncd6 1-0

[Event "POL-chT 2nd League"]
[Site "Jastrzebia Gora"]
[Date "2018.09.01"]
[Round "1.11"]
[White "Kurpiewski, Slawomir"]
[Black "Kowalski, Maciej"]
[Result "0-1"]
[WhiteElo "1997"]
[BlackElo "2071"]
[PlyCount "76"]
[EventDate "2018.09.01"]
[EventType "team-swiss"]
[EventRounds "9"]
[EventCountry "POL"]
[SourceTitle "CBM 186 Extra"]
[Source "ChessBase"]
[SourceDate "2018.08.24"]
[SourceVersion "1"]
[SourceVersionDate "2018.08.24"]
[SourceQuality "1"]
[WhiteTeam "Siedlce KSz Skoczek"]
[BlackTeam "Grzybowo GKSz Solny"]
[WhiteTeamCountry "POL"]
[BlackTeamCountry "POL"]

1. f4 d5 2. Nf3 Nf6 3. g3 g6 4. Bg2 Bg7 5. 0-0 0-0 6. d3 c6 7. c3 Nbd7 8. Kh1 a5 9. Nh4 b6 10. f5 Nc5 11. Na3 e6 12. fxg6 fxg6 13. Bg5 Qe8 14. Qc1 Ra7 15. Nc2 e5 16. h3 Nh5 17. Kh2 Raf7 18. Qd2 Qd7 19. Rxf7 Rxf7 20. Rf1 Rxf1 21. Bxf1 Qd6 22. Qe1 h6 23. Bc1 g5 24. Ng2 e4 25. d4 Nb7 26. Qf2 Bf8 27. b3 Qc7 28. Bd2 Bd6 29. Nf4 gxf4 30. gxf4 Bxf4+ 31. Bxf4 Qxf4+ 32. Qxf4 Nxf4 33. Kg3 Ng6 34. h4 Nd6 35. h5 Nf5+ 36. Kf2 Nf4 37. e3 Nxh5 38. c4 Nf6 0-1

[Event "POL-ch (Public Admin) 3rd rapid"]
[Site "Warsaw"]
[Date "2017.12.09"]
[Round "9.8"]
[White "Kurpiewski, Slawomir"]
[Black "Pietruszewski, Marcin"]
[Result "1/2-1/2"]
[WhiteElo "1983"]
[BlackElo "2148"]
[PlyCount "150"]
[EventDate "2017.12.09"]
[EventType "swiss (rapid)"]
[EventRounds "9"]
[EventCountry "POL"]
[SourceTitle "CBM 182 Extra"]
[Source "ChessBase"]
[SourceDate "2018.02.23"]
[SourceVersion "1"]
[SourceVersionDate "2018.02.23"]
[SourceQuality "1"]

1. f4 d5 2. Nf3 c5 3. g3 g6 4. Bg2 Bg7 5. 0-0 Nc6 6. d3 Nf6 7. c3 0-0 8. Na3 Rb8 9. Ne5 Nd7 10. Nxc6 bxc6 11. e4 e6 12. Rf2 Qa5 13. Nc2 Ba6 14. e5 f6 15. exf6 Rxf6 16. Ne3 e5 17. Ng4 Rff8 18. fxe5 Rxf2 19. Kxf2 Nxe5 20. Nxe5 Bxe5 21. Kg1 Qb5 22. Bf1 Qb6 23. Qe2 Re8 24. Qg2 Bg7 25. Bf4 Bb7 26. Qd2 c4+ 27. d4 c5 28. Re1 Rxe1 29. Qxe1 cxd4 30. Qe8+ Bf8 31. cxd4 Qxd4+ 32. Kh1 Qf6 33. Kg1 Qf7 34. Qe3 a6 35. Bh3 d4 36. Qxd4 Qd5 37. Qxd5+ Bxd5 38. Be5 c3 39. Bxc3 Bxa2 40. Bf1 Bc5+ 41. Kg2 Bd5+ 42. Kh3 Bb7 43. Bc4+ Kf8 44. Be5 Be3 45. g4 Ke7 46. Kg3 Kf8 47. h4 h6 48. Bd3 Kf7 49. Bc4+ Kf8 50. Bf4 Bxf4+ 51. Kxf4 a5 52. g5 Kg7 53. Ke5 Bf3 54. Kd6 Bd1 55. Kc5 hxg5 56. hxg5 Kf8 57. Kb6 a4 58. Ka5 Ke7 59. Bd3 Kf7 60. Bb5 Ke6 61. Bxa4 Bf3 62. Bc2 Ke5 63. Bxg6 Kf4 64. b4 Kxg5 65. Be8 Kf6 66. Kb6 Ke7 67. Bc6 Be2 68. Bb5 Bf3 69. Bc4 Kd8 70. Be6 Be2 71. Bf5 Bf1 72. Bg4 Bd3 73. Bf3 Kc8 74. Ka7 Kc7 75. Bd5 Be2 1/2-1/2

[Event "Mazowiec-chT 1617"]
[Site "Warsaw"]
[Date "2017.01.08"]
[Round "3.9"]
[White "Kurpiewski, Slawomir"]
[Black "Radecki, Wojciech"]
[Result "1-0"]
[WhiteElo "1983"]
[BlackElo "1818"]
[PlyCount "120"]
[EventDate "2016.12.11"]
[EventType "team-tourn"]
[EventRounds "10"]
[EventCountry "POL"]
[SourceTitle "EXT 2019"]
[Source "ChessBase"]
[SourceDate "2018.10.10"]
[SourceVersion "1"]
[SourceVersionDate "2018.10.10"]
[SourceQuality "1"]

1. d4 d5 2. c4 e6 3. Nc3 Nf6 4. cxd5 exd5 5. Bg5 Be7 6. e3 c6 7. Bd3 Ng4 8. Bxe7 Qxe7 9. Qc2 g6 10. Nxd5 Qd6 11. Nf4 g5 12. Nh5 Qh6 13. Ng3 Nd7 14. h3 Ngf6 15. Nf3 Nd5 16. a3 Qg7 17. Nh5 Qh6 18. g4 N5f6 19. Ng3 Nd5 20. 0-0-0 Qf6 21. Bf5 h6 22. h4 gxh4 23. Rxh4 Ne7 24. Ne4 Qg7 25. Nd6+ Kd8 26. Rdh1 Kc7 27. Nxc8 Raxc8 28. Bxd7 Kxd7 29. Kb1 Rce8 30. Ka1 Kc7 31. Ne5 f6 32. Nc4 Ng6 33. Rh5 Ne7 34. f3 Kb8 35. Qh2+ Ka8 36. Rxh6 Ng6 37. Nd6 Rd8 38. Nf5 Qg8 39. Qc7 Rc8 40. Rxh8 Nxh8 41. Ne7 Rxc7 42. Nxg8 Ng6 43. Nxf6 Rf7 44. g5 Kb8 45. Rh6 Nf8 46. f4 Kc7 47. Ng4 Rg7 48. Ne5 a6 49. Ka2 Kd8 50. f5 Nh7 51. g6 Nf6 52. Rh8+ Ke7 53. Rb8 Kd6 54. Nf7+ Kc7 55. Rf8 Nd7 56. Re8 Nf6 57. Re7+ Kb6 58. e4 Ng8 59. Re6 Kc7 60. e5 Kd7 1-0

[Event "POL-chT 2nd League"]
[Site "Jastrzebia Gora"]
[Date "2015.09.07"]
[Round "3.99"]
[White "Kurpiewski, Slawomir"]
[Black "Szadkowski, Krzysztof"]
[Result "0-1"]
[WhiteElo "2020"]
[BlackElo "2107"]
[PlyCount "92"]
[EventDate "2015.09.05"]
[EventType "team-swiss"]
[EventRounds "9"]
[EventCountry "POL"]
[SourceTitle "EXT 2017"]
[Source "ChessBase"]
[SourceDate "2016.10.25"]
[SourceVersion "1"]
[SourceVersionDate "2016.10.25"]
[SourceQuality "1"]
[WhiteTeam "Siedlce KSz Skoczek"]
[BlackTeam "Konin UKS Smecz"]
[WhiteTeamCountry "POL"]
[BlackTeamCountry "POL"]

1. d4 Nf6 2. Nf3 c5 3. c3 d5 4. Bf4 Nc6 5. e3 cxd4 6. exd4 g6 7. h3 Bg7 8. Nbd2 0-0 9. Be2 a6 10. 0-0 Bf5 11. Ne5 Nxe5 12. Bxe5 h5 13. Re1 Bh6 14. Bxf6 exf6 15. Nf1 Qd7 16. Bf3 Rfd8 17. Ne3 Be4 18. Nf1 f5 19. Be2 f4 20. Nd2 Qf5 21. Nxe4 dxe4 22. f3 e3 23. Bd3 Qd7 24. Qb3 Kg7 25. Re2 Bg5 26. Rd1 b5 27. Be4 Rac8 28. Ra1 Bh4 29. a4 Bf2+ 30. Kh1 Rb8 31. axb5 axb5 32. Rd1 g5 33. Qc2 Qd6 34. Rxf2 exf2 35. Qxf2 Rbc8 36. Qf1 Rb8 37. Bc2 Kf6 38. Qd3 Qe6 39. Qf1 Re8 40. Bd3 Qb3 41. Rd2 Re3 42. Qf2 b4 43. g3 bxc3 44. bxc3 Qxc3 45. Be4 fxg3 46. Qxg3 Qc1+ 0-1

[Event "POL-chT 2nd League"]
[Site "Jastrzebia Gora"]
[Date "2015.09.05"]
[Round "1.75"]
[White "Kurpiewski, Slawomir"]
[Black "Grzelak, Artur"]
[Result "0-1"]
[WhiteElo "2020"]
[BlackElo "2147"]
[PlyCount "54"]
[EventDate "2015.09.05"]
[EventType "team-swiss"]
[EventRounds "9"]
[EventCountry "POL"]
[SourceTitle "EXT 2017"]
[Source "ChessBase"]
[SourceDate "2016.10.25"]
[SourceVersion "1"]
[SourceVersionDate "2016.10.25"]
[SourceQuality "1"]
[WhiteTeam "Siedlce KSz Skoczek"]
[BlackTeam "Gostynin Gostmat 83"]
[WhiteTeamCountry "POL"]
[BlackTeamCountry "POL"]

1. Nf3 Nf6 2. g3 d6 3. Bg2 e5 4. d3 Be7 5. 0-0 0-0 6. Nbd2 h6 7. c3 c6 8. a4 Qc7 9. e4 a5 10. Re1 Re8 11. Nf1 Bf8 12. Nh4 g6 13. h3 Na6 14. Qf3 Qe7 15. Be3 Nc5 16. Bxc5 dxc5 17. Ne3 Be6 18. Kh2 Red8 19. Bf1 Nh7 20. Qg2 Ng5 21. Qh1 Qf6 22. Kg1 c4 23. Nxc4 Bxc4 24. dxc4 Rd2 25. Re2 Rad8 26. Rae1 Bc5 27. Qh2 Nxe4 0-1

[Event "Mazowiec-chT 1415"]
[Site "Warsaw"]
[Date "2015.02.08"]
[Round "2.7"]
[White "Kurpiewski, Slawomir"]
[Black "Lewandrowski, Tomasz"]
[Result "1-0"]
[WhiteElo "2024"]
[BlackElo "1909"]
[PlyCount "43"]
[EventDate "2015.01.11"]
[EventType "team-tourn"]
[EventRounds "7"]
[EventCountry "POL"]
[SourceTitle "EXT 2019"]
[Source "ChessBase"]
[SourceDate "2018.10.10"]
[SourceVersion "1"]
[SourceVersionDate "2018.10.10"]
[SourceQuality "1"]

1. e4 c6 2. d3 d5 3. Nd2 e5 4. g3 Nf6 5. Bg2 Bc5 6. Qe2 0-0 7. Ngf3 Bg4 8. h3 Bxf3 9. Nxf3 dxe4 10. dxe4 Nbd7 11. 0-0 h6 12. Nh4 Re8 13. Nf5 Nf8 14. c3 Ng6 15. Qf3 Bf8 16. Rd1 Nd7 17. Be3 Qc7 18. h4 f6 19. Qg4 Kh7 20. Nxg7 Re7 21. Nf5 Rf7 22. Qh5 1-0

[Event "Mazowiec-chT 1415"]
[Site "Warsaw"]
[Date "2015.02.08"]
[Round "3.7"]
[White "Markiewicz, Michal"]
[Black "Kurpiewski, Slawomir"]
[Result "0-1"]
[WhiteElo "1588"]
[BlackElo "2024"]
[PlyCount "64"]
[EventDate "2015.01.11"]
[EventType "team-tourn"]
[EventRounds "7"]
[EventCountry "POL"]
[SourceTitle "EXT 2019"]
[Source "ChessBase"]
[SourceDate "2018.10.10"]
[SourceVersion "1"]
[SourceVersionDate "2018.10.10"]
[SourceQuality "1"]

1. d4 Nf6 2. Nc3 d5 3. e4 dxe4 4. f3 exf3 5. Qxf3 c6 6. h3 Be6 7. Bf4 Nbd7 8. Bd3 Nb6 9. Nge2 Bc4 10. Rd1 e6 11. 0-0 Be7 12. Be5 Bxd3 13. Rxd3 0-0 14. Qg3 Nh5 15. Qg4 g6 16. Nf4 Nxf4 17. Bxf4 Re8 18. Qf3 f5 19. Qg3 Bh4 20. Qf3 Nd5 21. Nxd5 exd5 22. Be5 Qd7 23. Qf4 Qe7 24. g4 fxg4 25. Bd6 Qd7 26. hxg4 Re4 27. Qh6 Rxg4+ 28. Kh1 Qxd6 29. Rdf3 Bg5 30. Qh2 Rh4 31. Rh3 Qxh2+ 32. Rxh2 Rf8 0-1

[Event "POL-chT 2nd League"]
[Site "Szczyrk"]
[Date "2014.09.09"]
[Round "4.98"]
[White "Luka, Krzysztof"]
[Black "Kurpiewski, Slawomir"]
[Result "1-0"]
[WhiteElo "1904"]
[BlackElo "2086"]
[PlyCount "101"]
[EventDate "2014.09.06"]
[EventType "team-swiss"]
[EventRounds "9"]
[EventCountry "POL"]
[SourceTitle "EXT 2015"]
[Source "ChessBase"]
[SourceDate "2014.11.20"]
[SourceVersion "1"]
[SourceVersionDate "2014.11.20"]
[SourceQuality "1"]
[WhiteTeam "Rzeszow RzKSz"]
[BlackTeam "Siedlce KSz Skoczek"]
[WhiteTeamCountry "POL"]
[BlackTeamCountry "POL"]

1. d4 d6 2. c4 e5 3. g3 Nc6 4. dxe5 Be6 5. Bg2 dxe5 6. Bxc6+ bxc6 7. Qa4 Bd7 8. Nf3 f6 9. Be3 Ne7 10. Bc5 Nf5 11. Bxf8 Rxf8 12. Nc3 Ne7 13. 0-0 Qc8 14. Rfd1 Kf7 15. Ne4 Kg8 16. Nc5 Bg4 17. Qa5 Rf7 18. Rd2 Bxf3 19. exf3 Nf5 20. Nb3 Qb7 21. Rad1 g6 22. Qc3 h5 23. Nc5 Qb6 24. Nd7 Qb7 25. f4 Nd4 26. fxe5 fxe5 27. Nxe5 c5 28. Rxd4 cxd4 29. Qxd4 Rf6 30. c5 Raf8 31. c6 Qb6 32. Qxb6 axb6 33. Nd7 Rxf2 34. Nxf8 Rxf8 35. Rd7 Rf7 36. Kg2 Kf8 37. Rxf7+ Kxf7 38. Kf3 g5 39. Ke4 Ke6 40. a4 g4 41. Kf4 Kd5 42. Kg5 Kxc6 43. Kxh5 b5 44. axb5+ Kxb5 45. Kxg4 c5 46. h4 Kb4 47. h5 Kb3 48. h6 c4 49. h7 Kxb2 50. h8Q+ c3 51. Kf3 1-0

[Event "POL-chT 2nd League"]
[Site "Szczyrk"]
[Date "2014.09.06"]
[Round "1.92"]
[White "Kurpiewski, Slawomir"]
[Black "Cajbel, Maciej"]
[Result "0-1"]
[WhiteElo "2086"]
[BlackElo "2225"]
[PlyCount "90"]
[EventDate "2014.09.06"]
[EventType "team-swiss"]
[EventRounds "9"]
[EventCountry "POL"]
[SourceTitle "EXT 2015"]
[Source "ChessBase"]
[SourceDate "2014.11.20"]
[SourceVersion "1"]
[SourceVersionDate "2014.11.20"]
[SourceQuality "1"]
[WhiteTeam "Siedlce KSz Skoczek"]
[BlackTeam "Wroclaw AZS Politechnika"]
[WhiteTeamCountry "POL"]
[BlackTeamCountry "POL"]

1. d4 Nf6 2. c4 c5 3. d5 e6 4. Nc3 exd5 5. cxd5 d6 6. e4 g6 7. Nf3 Bg7 8. Be2 0-0 9. 0-0 Re8 10. Qc2 Na6 11. h3 Nc7 12. Nd2 Rb8 13. a4 b6 14. Nc4 Ba6 15. Bf4 Bxc4 16. Bxc4 a6 17. Be2 b5 18. Bf3 b4 19. Nd1 b3 20. Qd3 Rb4 21. Bg5 h6 22. Bxf6 Qxf6 23. Nc3 Rd4 24. Qe2 Qg5 25. Rfd1 f5 26. Qe3 Qxe3 27. fxe3 Rxd1+ 28. Bxd1 Bxc3 29. bxc3 Rxe4 30. Bxb3 c4 31. Ba2 Nxd5 32. Rc1 Nxe3 33. Rb1 Nd5 34. Rb8+ Kg7 35. Rc8 Nxc3 36. Bxc4 Nxa4 37. Bxa6 Nc5 38. Bb5 Kf7 39. Rc7+ Re7 40. Bc4+ Kf6 41. Rc8 Ke5 42. Rc6 Ne4 43. Ba6 Ra7 44. Kh2 Kd5 45. Rb6 Kc5 0-1

[Event "Mazowiec-chT 1314"]
[Site "Poland"]
[Date "2014.01.19"]
[Round "4.2"]
[White "Kurpiewski, Slawomir"]
[Black "Sawicki, Mikolaj"]
[Result "1/2-1/2"]
[WhiteElo "2096"]
[BlackElo "1975"]
[PlyCount "146"]
[EventDate "2014.01.12"]
[EventType "team-tourn"]
[EventRounds "10"]
[EventCountry "POL"]
[SourceTitle "EXT 2019"]
[Source "ChessBase"]
[SourceDate "2018.10.10"]
[SourceVersion "1"]
[SourceVersionDate "2018.10.10"]
[SourceQuality "1"]

1. d4 d5 2. c4 e6 3. Nc3 Nf6 4. cxd5 exd5 5. Bg5 Be7 6. e3 0-0 7. Qc2 Nbd7 8. Bd3 Re8 9. Nf3 c6 10. 0-0 Nf8 11. Rab1 a5 12. a3 Ng6 13. b4 axb4 14. axb4 Ne4 15. Bxe7 Qxe7 16. Bxe4 dxe4 17. Nd2 Bf5 18. Ne2 Nf8 19. Qc5 Bg6 20. Qxe7 Rxe7 21. Ra1 Ree8 22. Nc3 f5 23. Nc4 Red8 24. Nb6 Rxa1 25. Rxa1 Nd7 26. Nca4 Nxb6 27. Nxb6 Be8 28. Ra7 Rb8 29. h4 Kf8 30. Kh2 Ke7 31. Kg3 Kf6 32. Ra5 Rd8 33. Kf4 g6 34. g4 fxg4 35. Kxg4 Bd7+ 36. Kf4 Bf5 37. Ra7 Rb8 38. Na4 h6 39. Nc5 g5+ 40. hxg5+ hxg5+ 41. Kg3 b6 42. Na4 b5 43. Nc5 Rc8 44. Rb7 Rd8 45. Rc7 Rd6 46. Nb7 Re6 47. Nd8 Re8 48. Nxc6 Rc8 49. Ne7 Rxc7 50. Nd5+ Kf7 51. Nxc7 Bd7 52. Na6 Bc6 53. Kg4 Kf6 54. Nc5 Bd5 55. Nd7+ Kg6 56. Ne5+ Kf6 57. f4 exf3 58. Nxf3 Be6+ 59. Kg3 Kf5 60. Nd2 Bd5 61. Kf2 Bc6 62. Ke2 Be4 63. Nxe4 Kxe4 64. Kf2 Kd5 65. Kf3 Kc4 66. Ke4 Kxb4 67. d5 Kc5 68. Ke5 g4 69. d6 g3 70. d7 g2 71. d8Q g1Q 72. Qd4+ Kc6 73. Qd6+ Kb7 1/2-1/2

[Event "Mazowiec-chT 1213"]
[Site "Poland"]
[Date "2013.02.17"]
[Round "7.2"]
[White "Kopczynski, Michal"]
[Black "Kurpiewski, Slawomir"]
[Result "1-0"]
[WhiteElo "2220"]
[BlackElo "2112"]
[PlyCount "111"]
[EventDate "2013.01.13"]
[EventType "team-tourn"]
[EventRounds "10"]
[EventCountry "POL"]
[SourceTitle "EXT 2019"]
[Source "ChessBase"]
[SourceDate "2018.10.10"]
[SourceVersion "1"]
[SourceVersionDate "2018.10.10"]
[SourceQuality "1"]

1. e4 e5 2. Nf3 Nc6 3. Bb5 a6 4. Ba4 Nf6 5. 0-0 Be7 6. d4 exd4 7. Re1 b5 8. e5 Nxe5 9. Nxe5 bxa4 10. Qxd4 0-0 11. Bg5 Rb8 12. a3 Rb6 13. Nc3 Bb7 14. Qxa4 Qa8 15. f3 Bc5+ 16. Be3 Bxe3+ 17. Rxe3 Re6 18. Qd4 Rfe8 19. Rae1 c5 20. Qd2 Qc8 21. Nc4 d5 22. Rxe6 Rxe6 23. Na5 d4 24. Na4 Bd5 25. Rxe6 Bxe6 26. b4 cxb4 27. axb4 Bf5 28. Nc5 Qe8 29. Kf2 Qe3+ 30. Qxe3 dxe3+ 31. Kxe3 Nd5+ 32. Kd4 Nxb4 33. c3 Nc2+ 34. Ke5 Bc8 35. Nc6 f6+ 36. Kd6 Kf7 37. Ne7 Ne1 38. Nxc8 a5 39. Nb6 Nxg2 40. Nb3 Ne1 41. Nd4 g5 42. c4 Nd3 43. c5 Nxc5 44. Kxc5 Kg6 45. Kd5 f5 46. Ke5 f4 47. Nc6 Kh5 48. Kf5 Kh4 49. Nxa5 h5 50. Nd5 g4 51. Kxf4 gxf3 52. Ne3 Kh3 53. Nf1 h4 54. Nc4 Kg2 55. Ncd2 f2 56. Kg4 1-0

[Event "Mazowiec-chT 1213"]
[Site "Poland"]
[Date "2013.01.27"]
[Round "6.17"]
[White "Milczarek, Robert"]
[Black "Kurpiewski, Slawomir"]
[Result "1/2-1/2"]
[WhiteElo "1812"]
[BlackElo "2112"]
[PlyCount "124"]
[EventDate "2013.01.13"]
[EventType "team-tourn"]
[EventRounds "10"]
[EventCountry "POL"]
[SourceTitle "EXT 2019"]
[Source "ChessBase"]
[SourceDate "2018.10.10"]
[SourceVersion "1"]
[SourceVersionDate "2018.10.10"]
[SourceQuality "1"]

1. d4 Nf6 2. c4 g6 3. Nc3 Bg7 4. e4 d6 5. Nf3 0-0 6. Be2 e5 7. 0-0 Nc6 8. d5 Ne7 9. Ne1 Nd7 10. Be3 f5 11. f3 f4 12. Bf2 g5 13. Rc1 Ng6 14. c5 Nf6 15. cxd6 cxd6 16. Nb5 Rf7 17. Qc2 Ne8 18. a4 Bd7 19. Qb3 g4 20. fxg4 f3 21. Bxf3 Bh6 22. Rc2 a6 23. Na3 b5 24. axb5 axb5 25. Nd3 Rg7 26. Kh1 Nh4 27. Bg3 Bxg4 28. Bxg4 Rxg4 29. Nxe5 Rg7 30. Nc6 Qg5 31. Rcf2 Ng6 32. Qf3 Rb7 33. Nc2 Bf8 34. N2d4 Ng7 35. e5 dxe5 36. Bxe5 h5 37. Bxg7 Bxg7 38. Ne6 Qg4 39. Qd3 Ra4 40. Nc5 Bd4 41. Nxb7 Bxf2 42. Qxg6+ Qxg6 43. Ne7+ Kg7 44. Nxg6 Kxg6 45. h3 Bb6 46. Re1 Kg5 47. Nd6 Rd4 48. Nxb5 Rxd5 49. Nc3 Ra5 50. g3 Bd4 51. Kg2 Ra8 52. Re2 Rc8 53. Ne4+ Kg6 54. Rd2 Be5 55. Kf3 Rf8+ 56. Kg2 Rc8 57. Nf2 Rb8 58. Nd3 Bd6 59. Nf4+ Bxf4 60. gxf4 Kf5 61. Kf3 Rb3+ 62. Kg2 Kxf4 1/2-1/2